[Event "26th open TETEVEN"]
[Site "Teteven"]
[Date "2011.08.15"]
[Round "3.6"]
[White "Ninov, Dayan"]
[Black "Pantev, Veselin"]
[Result "0-1"]
[WhiteElo "2094"]
[BlackElo "2377"]
[PlyCount "107"]
[EventDate "2011.08.??"]
[EventType "swiss"]
[EventRounds "9"]
[EventCountry "BUL"]

1. Nf3 Nc6 2. d4 d5 3. c4 e6 4. g3 Nf6 5. Bg2 dxc4 6. O-O Rb8 7. e3 Bd7 8. Qe2
b5 9. b3 Be7 10. bxc4 bxc4 11. Nc3 Na5 12. Ne5 c5 13. d5 Qc7 14. Nxd7 Qxd7 15.
e4 exd5 16. e5 O-O 17. exf6 Bxf6 18. Qc2 d4 19. Nd5 Be5 20. Bf4 Bxf4 21. Nxf4
c3 22. Rab1 Nc4 23. Qe2 Nd2 24. Rxb8 Rxb8 25. Re1 h6 26. Qe5 Rb6 27. Qxc5 Rb1
28. Rxb1 Nxb1 29. Qc6 Qxc6 30. Bxc6 c2 31. Nd3 Nc3 32. a3 Ne2+ 33. Kf1 c1=Q+
34. Nxc1 Nxc1 35. Bd5 Nd3 36. Ke2 Nc5 37. Kd2 Kf8 38. Ke2 Ke7 39. f4 f6 40. Bc4
Kd6 41. Kf3 Kc6 42. Kg4 Kd7 43. Kf3 Kd6 44. h4 Ke7 45. Kg4 Ne4 46. Bd5 Nd2 47.
Ba2 d3 48. Kf5 Nf1 49. Ke4 Nxg3+ 50. Kxd3 Nf5 51. Bb1 Nxh4 52. Ke2 g5 53. fxg5
hxg5 54. Kf2 0-1

[Event "26th open TETEVEN"]
[Site "Teteven"]
[Date "2011.08.15"]
[Round "3.11"]
[White "Galunov, Todor"]
[Black "Galunova, Tsveta"]
[Result "1-0"]
[WhiteElo "2327"]
[BlackElo "1977"]
[PlyCount "79"]
[EventDate "2011.08.??"]
[EventType "swiss"]
[EventRounds "9"]
[EventCountry "BUL"]

1. d4 f5 2. Nf3 Nf6 3. c4 g6 4. g3 Bg7 5. Bg2 O-O 6. O-O d6 7. Nc3 Nbd7 8. Ng5
Nb8 9. Qb3 c6 10. d5 h6 11. Ne6 Bxe6 12. Qxb7 Nbd7 13. dxe6 Nc5 14. Qxc6 Rc8
15. Qf3 Nxe6 16. Nd5 Rxc4 17. Qb3 Rxc1 18. Raxc1 Kh7 19. Nxf6+ Rxf6 20. e3 Nc5
21. Qa3 Rf8 22. b4 Ne4 23. Qxa7 d5 24. Rc7 Bf6 25. Rd7 Qa8 26. Qxa8 Rxa8 27.
Rxd5 Rxa2 28. Bxe4 fxe4 29. Rc1 Rb2 30. Rc4 Kg7 31. Rxe4 Kf7 32. Rb5 g5 33. g4
Bc3 34. Rb7 Bf6 35. b5 Ke8 36. Kg2 Kd8 37. Kf3 Kc8 38. Rexe7 Bxe7 39. Rxe7 Rxb5
40. Re6 1-0

[Event "26th open TETEVEN"]
[Site "Teteven"]
[Date "2011.08.16"]
[Round "4.1"]
[White "Pantev, Veselin"]
[Black "Petkov, Vladimir"]
[Result "1/2-1/2"]
[WhiteElo "2377"]
[BlackElo "2490"]
[PlyCount "147"]
[EventDate "2011.08.??"]
[EventType "swiss"]
[EventRounds "9"]
[EventCountry "BUL"]

1. d4 Nf6 2. Nf3 c5 3. e3 d5 4. c4 cxd4 5. exd4 g6 6. Nc3 Bg7 7. cxd5 O-O 8.
Qb3 Nbd7 9. Bg5 Nb6 10. Bxf6 Bxf6 11. Be2 a5 12. O-O a4 13. Qb5 Bd7 14. Qd3 Bf5
15. Qb5 Qd6 16. Ne5 Rfc8 17. a3 Rd8 18. Bf3 Nd7 19. Nc4 Qa6 20. d6 Bd3 21. dxe7
Bxe7 22. Qxa6 Rxa6 23. Be2 Bxe2 24. Nxe2 Nb6 25. Ne3 Bg5 26. f4 Bf6 27. Rfd1
Ra5 28. Rac1 Rb5 29. Rc2 Rb3 30. Kf2 h5 31. Nc1 Rb5 32. Rcd2 Re8 33. Rc2 Nc8
34. Ne2 Nd6 35. Nc3 Ne4+ 36. Nxe4 Rxe4 37. Kf3 Rxd4 38. Rxd4 Bxd4 39. Nd1 Rb3+
40. Ke4 Bf6 41. g3 Kg7 42. Rd2 Rb6 43. Rc2 Rd6 44. Nf2 Re6+ 45. Kd5 Re3 46. Rd2
h4 47. Ng4 Rb3 48. Nxf6 Kxf6 49. gxh4 Kf5 50. Rf2 b5 51. Kc5 Kg4 52. f5 gxf5
53. h5 Kxh5 54. Rxf5+ Kg6 55. Rf2 f5 56. h4 Rh3 57. Rf4 Rg3 58. Kxb5 Rg4 59.
Rf3 Rxh4 60. b4 axb3 61. Rxb3 f4 62. a4 Rh5+ 63. Kb6 Rf5 64. Rf3 Kg5 65. a5 Kg4
66. Rf1 f3 67. a6 Rf6+ 68. Kb7 Rf7+ 69. Kb8 f2 70. a7 Rf8+ 71. Kb7 Rf7+ 72. Kb8
Rf8+ 73. Kb7 Rf7+ 74. Kb8 1/2-1/2

[Event "26th open TETEVEN"]
[Site "Teteven"]
[Date "2011.08.16"]
[Round "4.3"]
[White "Ivanov, Borislav"]
[Black "Enchev, Ivajlo"]
[Result "1/2-1/2"]
[WhiteElo "2201"]
[BlackElo "2435"]
[PlyCount "58"]
[EventDate "2011.08.??"]
[EventType "swiss"]
[EventRounds "9"]
[EventCountry "BUL"]

1. d4 Nf6 2. c4 e6 3. g3 c5 4. d5 exd5 5. cxd5 d6 6. Nc3 g6 7. Nf3 Bg7 8. Bg2
O-O 9. O-O a6 10. a4 Re8 11. Nd2 Nbd7 12. h3 Rb8 13. Nc4 Ne5 14. Na3 Nh5 15. e4
f5 16. exf5 Bxf5 17. g4 Bxg4 18. hxg4 Qh4 19. gxh5 Rf8 20. h6 Bh8 21. Ne4 Ng4
22. Qxg4 Qxg4 23. Nc4 Rbe8 24. Ncxd6 Re5 25. Ng3 Rh5 26. Nxh5 gxh5 27. Ra3 Be5
28. Ne4 Kh8 29. Ng5 Rf5 1/2-1/2

[Event "26th open TETEVEN"]
[Site "Teteven"]
[Date "2011.08.16"]
[Round "4.4"]
[White "Kozhuharov, Spas"]
[Black "Ivanov, Stojan Lubomirov"]
[Result "1/2-1/2"]
[WhiteElo "2431"]
[BlackElo "2247"]
[PlyCount "51"]
[EventDate "2011.08.??"]
[EventType "swiss"]
[EventRounds "9"]
[EventCountry "BUL"]

1. c4 Nf6 2. Nc3 c5 3. Nf3 Nc6 4. g3 g6 5. d4 cxd4 6. Nxd4 d6 7. Bg2 Bd7 8. O-O
Bg7 9. b3 Qb6 10. e3 O-O 11. Bb2 Rac8 12. Rc1 Qa5 13. h3 a6 14. Qe2 Rfe8 15. a3
Qb6 16. b4 Ne5 17. Nb1 Nc6 18. Nc3 Ne5 19. Nb1 Nc6 20. Nd2 Nh5 21. N2b3 Nxd4
22. Nxd4 Nf6 23. Nb3 Bc6 24. e4 Nh5 25. Bxg7 Nxg7 26. Qd2 1/2-1/2

[Event "26th open TETEVEN"]
[Site "Teteven"]
[Date "2011.08.16"]
[Round "4.5"]
[White "Andreev, Stanislav"]
[Black "Todorov, Ognjan"]
[Result "1-0"]
[WhiteElo "2154"]
[BlackElo "2308"]
[PlyCount "69"]
[EventDate "2011.08.??"]
[EventType "swiss"]
[EventRounds "9"]
[EventCountry "BUL"]

1. d4 d5 2. c4 e6 3. Nc3 Be7 4. Nf3 Nf6 5. cxd5 exd5 6. Bg5 c6 7. Qc2 g6 8. e3
Bf5 9. Bd3 Bxd3 10. Qxd3 Nbd7 11. O-O O-O 12. Rab1 a5 13. Qc2 Ne4 14. Bh6 Re8
15. Nxe4 dxe4 16. Qxe4 Nf6 17. Qc2 Qd5 18. b3 Bd6 19. Bg5 Ne4 20. Bh4 Bb4 21.
Bg3 g5 22. Rbc1 h5 23. Be5 Rac8 24. h4 g4 25. Ng5 Nxg5 26. hxg5 Rxe5 27. dxe5
Qxe5 28. g6 Rf8 29. Rfd1 g3 30. gxf7+ Kg7 31. Rd7 b6 32. Qd3 Bc5 33. Qc3 gxf2+
34. Kf1 Qxc3 35. Rxc3 1-0

[Event "26th open TETEVEN"]
[Site "Teteven"]
[Date "2011.08.16"]
[Round "4.8"]
[White "Mladenov, Emil"]
[Black "Daskalov, Dimitar"]
[Result "0-1"]
[WhiteElo "2139"]
[BlackElo "2035"]
[PlyCount "92"]
[EventDate "2011.08.??"]
[EventType "swiss"]
[EventRounds "9"]
[EventCountry "BUL"]

1. e4 c5 2. g3 Nc6 3. Bg2 g6 4. Ne2 Bg7 5. c3 e5 6. d3 Nge7 7. Be3 d6 8. O-O
O-O 9. Na3 f5 10. f3 Be6 11. Qd2 Rb8 12. Rad1 Bxa2 13. c4 Bb3 14. Ra1 a5 15.
Nc1 a4 16. Nxb3 axb3 17. Nb5 Nd4 18. Bxd4 exd4 19. Qd1 fxe4 20. fxe4 Rxf1+ 21.
Bxf1 Nc6 22. Qxb3 Ne5 23. Qd1 Qf6 24. Nc7 Rf8 25. Qe2 Bh6 26. Nd5 Be3+ 27. Nxe3
dxe3 28. Qxe3 Nf3+ 29. Kg2 Qxb2+ 30. Be2 Nh4+ 31. gxh4 Qxa1 32. h5 gxh5 33.
Bxh5 Qg7+ 34. Qg3 Qxg3+ 35. hxg3 Kg7 36. Bf3 Kf6 37. e5+ Kxe5 38. Bxb7 Kd4 39.
Be4 Rf7 40. g4 Re7 41. Bf5 h6 42. Kg3 Re3+ 43. Kh4 Rxd3 44. Bxd3 Kxd3 45. Kh5
Kxc4 46. Kxh6 Kd3 0-1

[Event "26th open TETEVEN"]
[Site "Teteven"]
[Date "2011.08.16"]
[Round "4.9"]
[White "Dimitrov, Ivan"]
[Black "Arnaudov, Petar"]
[Result "0-1"]
[WhiteElo "1909"]
[BlackElo "2194"]
[PlyCount "58"]
[EventDate "2011.08.??"]
[EventType "swiss"]
[EventRounds "9"]
[EventCountry "BUL"]

1. e4 d6 2. d4 Nf6 3. Nd2 g6 4. Ngf3 Bg7 5. Bd3 O-O 6. O-O Nc6 7. c3 e5 8. Nb3
a5 9. a4 Re8 10. d5 Ne7 11. h3 Rf8 12. Be3 Nh5 13. g4 Nf4 14. Bxf4 exf4 15. Qd2
f5 16. exf5 gxf5 17. g5 Kh8 18. c4 Ng6 19. Kh2 c5 20. dxc6 bxc6 21. Rad1 Rb8
22. Bc2 Ne5 23. Nxe5 Bxe5 24. f3 Qxg5 25. Rg1 Qh5 26. Nd4 Bd7 27. b3 Rg8 28.
Rxg8+ Rxg8 29. Qf2 Rg7 0-1

[Event "26th open TETEVEN"]
[Site "Teteven"]
[Date "2011.08.16"]
[Round "4.11"]
[White "Bochev, Krasimir"]
[Black "Yankov, Kristian"]
[Result "1-0"]
[WhiteElo "2130"]
[BlackElo "1867"]
[PlyCount "65"]
[EventDate "2011.08.??"]
[EventType "swiss"]
[EventRounds "9"]
[EventCountry "BUL"]

1. Nf3 Nf6 2. c4 g6 3. g3 Bg7 4. Bg2 O-O 5. O-O c5 6. d4 d6 7. b3 Na6 8. Bb2
Rb8 9. Nc3 Bd7 10. Rc1 b5 11. cxb5 Bxb5 12. Nxb5 Rxb5 13. dxc5 Rxc5 14. Nd4 Qd7
15. Qd2 Ng4 16. h3 Nf6 17. e3 Rxc1 18. Rxc1 Nc5 19. b4 Nce4 20. Qc2 d5 21. Qc6
Qd6 22. Qxd6 Nxd6 23. Rc7 e5 24. Nc6 e4 25. Rxa7 h5 26. a4 Kh7 27. b5 Rc8 28.
Bf1 Nfe8 29. Bxg7 Kxg7 30. Kg2 Nc4 31. Ne7 Rc7 32. Rxc7 Nxc7 33. Nxd5 1-0

[Event "26th open TETEVEN"]
[Site "Teteven"]
[Date "2011.08.16"]
[Round "4.14"]
[White "Petrov, Vladimir Sergeev"]
[Black "Dzanev, Georgi"]
[Result "1-0"]
[WhiteElo "1793"]
[BlackElo "2109"]
[PlyCount "87"]
[EventDate "2011.08.??"]
[EventType "swiss"]
[EventRounds "9"]
[EventCountry "BUL"]

1. e4 c5 2. Nf3 Nc6 3. d4 cxd4 4. Nxd4 e5 5. Nb5 d6 6. N1c3 a6 7. Na3 b5 8. Nd5
Nf6 9. Bg5 Be7 10. Bxf6 Bxf6 11. c3 Bg5 12. Nc2 Rb8 13. Nce3 Ne7 14. Nxe7 Bxe7
15. b4 a5 16. a4 axb4 17. Bxb5+ Bd7 18. cxb4 Bxb5 19. axb5 Rxb5 20. Qa4 Qd7 21.
Nf5 g6 22. Qa8+ Bd8 23. Ra7 gxf5 24. Rxd7 Kxd7 25. Qa4 Kc6 26. Qa6+ Rb6 27.
Qc4+ Kb7 28. Qxf7+ Bc7 29. Qd5+ Kb8 30. exf5 Rxb4 31. O-O Rf8 32. Ra1 Rb7 33.
f6 h6 34. f7 Kc8 35. Qe6+ Kd8 36. Ra8+ Rb8 37. Rxb8+ Bxb8 38. g4 d5 39. h4 d4
40. g5 hxg5 41. hxg5 d3 42. Kf1 e4 43. g6 d2 44. Ke2 1-0

[Event "26th open TETEVEN"]
[Site "Teteven"]
[Date "2011.08.16"]
[Round "4.16"]
[White "Vladimirov, Ivo"]
[Black "Nikolov, Rumen"]
[Result "1-0"]
[WhiteElo "2086"]
[BlackElo "1819"]
[PlyCount "71"]
[EventDate "2011.08.??"]
[EventType "swiss"]
[EventRounds "9"]
[EventCountry "BUL"]

1. d4 d5 2. c4 dxc4 3. Nf3 e6 4. e3 b5 5. a4 c6 6. axb5 cxb5 7. b3 a5 8. bxc4
b4 9. Ne5 Qc7 10. c5 Nf6 11. Bb5+ Nbd7 12. Bd2 Be7 13. O-O O-O 14. Nc6 Bd8 15.
Nxb4 Bb7 16. Nd3 h5 17. h3 g5 18. Qa4 Be4 19. Nc3 g4 20. Nf4 gxh3 21. Bxd7 hxg2
22. Rfe1 Bf3 23. Bb5 Ng4 24. Be2 Bxe2 25. Ncxe2 Bh4 26. Ng3 Kh8 27. Kxg2 Rg8
28. Rh1 Qe7 29. Rxh4 Qxh4 30. Rh1 Qd8 31. Nfxh5 Qc7 32. Nf6+ Kg7 33. Nxg4 Kf8
34. Nf6 Rg6 35. Rh8+ Ke7 36. Rxa8 1-0

[Event "26th open TETEVEN"]
[Site "Teteven"]
[Date "2011.08.16"]
[Round "4.20"]
[White "Dichev, Dragomir"]
[Black "Andreev, Krasimir"]
[Result "1/2-1/2"]
[WhiteElo "1575"]
[BlackElo "1990"]
[PlyCount "73"]
[EventDate "2011.08.??"]
[EventType "swiss"]
[EventRounds "9"]
[EventCountry "BUL"]

1. e4 c5 2. d3 d6 3. f4 Nc6 4. Nf3 g6 5. c3 Bg4 6. Be2 Bxf3 7. Bxf3 Bg7 8. Na3
Rc8 9. Nc2 e5 10. O-O Nge7 11. Qe1 O-O 12. Bg4 f5 13. exf5 Nxf5 14. fxe5 dxe5
15. Ne3 Qxd3 16. Rf3 Qe4 17. Qf2 Nce7 18. Bd2 Rc6 19. Bxf5 Nxf5 20. Rf1 Rcf6
21. Nxf5 Rxf5 22. Rxf5 Qxf5 23. Qxf5 gxf5 24. Bg5 b6 25. Rd1 Bf6 26. Bxf6 Rxf6
27. Rd8+ Rf8 28. Rd2 Rf7 29. Rd5 Re7 30. Kf2 Kf7 31. Rd6 c4 32. Rh6 Kg7 33. Rd6
Kf7 34. Rh6 Ke8 35. Ke3 Rg7 36. g3 b5 37. Re6+ 1/2-1/2

[Event "26th open TETEVEN"]
[Site "Teteven"]
[Date "2011.08.16"]
[Round "4.37"]
[White "Kovachev, Radoslav"]
[Black "Primkov, Radi"]
[Result "1-0"]
[WhiteElo "1616"]
[BlackElo "1796"]
[PlyCount "59"]
[EventDate "2011.08.??"]
[EventType "swiss"]
[EventRounds "9"]
[EventCountry "BUL"]

1. e4 c5 2. Nc3 e6 3. g3 d5 4. exd5 exd5 5. d3 h6 6. Bg2 Nf6 7. Nge2 Bg4 8. h3
Bxe2 9. Qxe2+ Be7 10. O-O Nc6 11. Re1 O-O 12. Bf4 a6 13. Be5 Nxe5 14. Qxe5 Bd6
15. Qf5 d4 16. Nd5 Nxd5 17. Qxd5 Rb8 18. Re4 Qf6 19. Rae1 Rfd8 20. Qh5 Kf8 21.
Qe2 Qf5 22. h4 Qd5 23. Qg4 f5 24. Qf3 Qf7 25. Re6 f4 26. g4 Kg8 27. Qe4 Kf8 28.
Qh7 Qg8 29. Qg6 Bc7 30. Re7 1-0

[Event "26th open TETEVEN"]
[Site "Teteven"]
[Date "2011.08.17"]
[Round "5.1"]
[White "Nikolov, Sasho"]
[Black "Andreev, Stanislav"]
[Result "0-1"]
[WhiteElo "2412"]
[BlackElo "2154"]
[PlyCount "80"]
[EventDate "2011.08.??"]
[EventType "swiss"]
[EventRounds "9"]
[EventCountry "BUL"]

1. d4 d5 2. c4 c6 3. Nf3 Nf6 4. Nc3 dxc4 5. a4 Bf5 6. Ne5 Nbd7 7. Nxc4 Nb6 8.
Ne5 a5 9. f3 Nfd7 10. e4 Nxe5 11. dxe5 Qxd1+ 12. Kxd1 Be6 13. Kc2 f6 14. Ne2
Bf7 15. Nd4 fxe5 16. Nb3 Bxb3+ 17. Kxb3 e6 18. Be3 Nd7 19. Rc1 Bb4 20. h4 h6
21. Rh3 Kf7 22. Bc4 Rhd8 23. g4 b6 24. g5 hxg5 25. hxg5 Nc5+ 26. Kc2 Rh8 27.
g6+ Kxg6 28. Rg1+ Kf7 29. Rhg3 Rh2+ 30. Kb1 Rh7 31. Rd1 Re8 32. b3 Re7 33. Rgg1
b5 34. axb5 cxb5 35. Bxb5 Nxb3 36. Rd8 Nd4 37. Ba4 g6 38. Bg5 Rb7 39. Be8+ Kg7
40. Bf4 Be7+ 0-1

[Event "26th open TETEVEN"]
[Site "Teteven"]
[Date "2011.08.17"]
[Round "5.2"]
[White "Petkov, Vladimir"]
[Black "Ivanov, Borislav"]
[Result "1-0"]
[WhiteElo "2490"]
[BlackElo "2201"]
[PlyCount "67"]
[EventDate "2011.08.??"]
[EventType "swiss"]
[EventRounds "9"]
[EventCountry "BUL"]

1. Nf3 Nf6 2. c4 c6 3. d4 d5 4. Nc3 dxc4 5. a4 Bf5 6. e3 e6 7. Bxc4 Bb4 8. O-O
Nbd7 9. Qe2 Bg6 10. e4 O-O 11. Bd3 Bh5 12. e5 Nd5 13. Nxd5 cxd5 14. Qe3 Be7 15.
Bd2 Nb8 16. a5 a6 17. Ne1 Bg6 18. Be2 Nc6 19. Nd3 Rc8 20. Nf4 Nb4 21. Nxg6 hxg6
22. Ra4 Nc6 23. g3 Qd7 24. b3 Na7 25. h4 Nb5 26. Kg2 Rc7 27. h5 g5 28. Bd3 Rfc8
29. Qf3 Nc3 30. Raa1 Nb5 31. h6 Nxd4 32. Qh5 Nf5 33. hxg7 Kxg7 34. Rh1 1-0

[Event "26th open TETEVEN"]
[Site "Teteven"]
[Date "2011.08.17"]
[Round "5.3"]
[White "Enchev, Ivajlo"]
[Black "Galunov, Todor"]
[Result "1/2-1/2"]
[WhiteElo "2435"]
[BlackElo "2327"]
[PlyCount "30"]
[EventDate "2011.08.??"]
[EventType "swiss"]
[EventRounds "9"]
[EventCountry "BUL"]

1. d4 d5 2. c4 c6 3. Nc3 Nf6 4. Nf3 dxc4 5. a4 Bf5 6. e3 e6 7. Bxc4 Bb4 8. O-O
O-O 9. Nh4 Bg4 10. f3 Bh5 11. g4 Bg6 12. Qb3 Qe7 13. g5 Nd5 14. e4 Nb6 15. Be2
c5 1/2-1/2

[Event "26th open TETEVEN"]
[Site "Teteven"]
[Date "2011.08.17"]
[Round "5.4"]
[White "Daskalov, Dimitar"]
[Black "Kozhuharov, Spas"]
[Result "1/2-1/2"]
[WhiteElo "2035"]
[BlackElo "2431"]
[PlyCount "135"]
[EventDate "2011.08.??"]
[EventType "swiss"]
[EventRounds "9"]
[EventCountry "BUL"]

1. e4 c6 2. Nc3 d5 3. Nf3 Bg4 4. h3 Bh5 5. exd5 cxd5 6. Bb5+ Nc6 7. g4 Bg6 8.
Ne5 Rc8 9. d4 e6 10. h4 f6 11. Nxg6 hxg6 12. Qe2 Kf7 13. Be3 Bb4 14. Bxc6 Bxc3+
15. bxc3 Rxc6 16. Bd2 Ne7 17. h5 gxh5 18. gxh5 Qc7 19. Qf3 e5 20. Rg1 Re6 21.
Kd1 exd4 22. cxd4 Re4 23. c3 Qd7 24. Qg3 Rh7 25. a4 Qf5 26. h6 g5 27. Rh1 Rg4
28. Qe3 Kg6 29. Qe2 Rxh6 30. Rxh6+ Kxh6 31. Kc1 Rg1+ 32. Kb2 Rxa1 33. Kxa1 Nc6
34. f4 gxf4 35. Qh2+ Kg5 36. Qg2+ Kh6 37. Qh2+ Kg6 38. Bxf4 Kf7 39. Bc1 Qd3 40.
Kb2 Ne7 41. Qc7 Qa6 42. Kb3 Qc6 43. Qg3 Qc4+ 44. Ka3 a5 45. Qh3 b5 46. axb5 a4
47. Qh7+ Ke6 48. Qc2 Qxb5 49. Qxa4 Qxa4+ 50. Kxa4 Nc8 51. Kb5 Nd6+ 52. Kc5 Ne4+
53. Kb4 Nd6 54. Bf4 Nc4 55. Kc5 Nb2 56. Bh2 f5 57. Kb5 Nc4 58. Bf4 Nd6+ 59. Kb4
Nc4 60. Kb5 Nb2 61. Bh2 Nd1 62. c4 Nc3+ 63. Kc6 dxc4 64. Kc5 Nd5 65. Kxc4 Ne3+
66. Kd3 Ng4 67. Bf4 Kd5 68. Bg3 1/2-1/2

[Event "26th open TETEVEN"]
[Site "Teteven"]
[Date "2011.08.17"]
[Round "5.5"]
[White "Ivanov, Stojan Lubomirov"]
[Black "Pantev, Veselin"]
[Result "1-0"]
[WhiteElo "2247"]
[BlackElo "2377"]
[PlyCount "109"]
[EventDate "2011.08.??"]
[EventType "swiss"]
[EventRounds "9"]
[EventCountry "BUL"]

1. e4 c5 2. Nf3 Nc6 3. d4 cxd4 4. Nxd4 e5 5. Nb5 d6 6. N1c3 a6 7. Na3 b5 8. Nd5
Nce7 9. c4 Nxd5 10. Qxd5 Be6 11. Qd3 b4 12. Nc2 Rb8 13. Ne3 Nf6 14. Nd5 Nd7 15.
Be3 Nc5 16. Bxc5 dxc5 17. Be2 Be7 18. O-O O-O 19. Rad1 Bg5 20. Qg3 Bf4 21. Nxf4
exf4 22. Rxd8 fxg3 23. Rd6 gxf2+ 24. Kxf2 a5 25. Rfd1 a4 26. Rc6 Rfc8 27. Rdd6
Kf8 28. Rxc8+ Rxc8 29. Ra6 Rd8 30. Ke3 Rd4 31. Rc6 a3 32. bxa3 bxa3 33. Rxc5
Rd6 34. Ra5 Rb6 35. Rxa3 Rb2 36. Ra7 Ke8 37. a4 Kd8 38. a5 Kc8 39. a6 Ra2 40.
c5 Ra3+ 41. Kd4 Ra4+ 42. Ke5 Ra2 43. Bf3 Kb8 44. Rb7+ Kc8 45. c6 Rxa6 46. Kd6
Ra2 47. e5 Rd2+ 48. Ke7 g5 49. h3 h5 50. Bxh5 Rxg2 51. Bxf7 Bxh3 52. Be8 Re2
53. Bd7+ Bxd7 54. cxd7+ Kxb7 55. e6 1-0

[Event "26th open TETEVEN"]
[Site "Teteven"]
[Date "2011.08.17"]
[Round "5.7"]
[White "Arnaudov, Petar"]
[Black "Galunova, Tsveta"]
[Result "0-1"]
[WhiteElo "2194"]
[BlackElo "1977"]
[PlyCount "84"]
[EventDate "2011.08.??"]
[EventType "swiss"]
[EventRounds "9"]
[EventCountry "BUL"]

1. e4 e5 2. f4 exf4 3. Nc3 Qh4+ 4. Ke2 c6 5. Nf3 Qh5 6. d4 g5 7. Kf2 d6 8. Bc4
Nf6 9. h4 Ng4+ 10. Kg1 f6 11. Qe2 Qg6 12. Bd2 h5 13. Rf1 Nd7 14. hxg5 fxg5 15.
e5 dxe5 16. Nxg5 Qxg5 17. Bxf4 Qe7 18. Rxh5 Rxh5 19. Qxg4 exf4 20. Qxh5+ Kd8
21. Rxf4 Qe3+ 22. Rf2 Qxd4 23. Qe2 Kc7 24. Ne4 Ne5 25. c3 Qxc4 26. Qxc4 Nxc4
27. Rxf8 Nd6 28. Nd2 Rb8 29. Rf6 Bg4 30. Rf4 Rg8 31. Kf2 Kd7 32. Nf1 Ke7 33.
Ne3 Be6 34. Ra4 a6 35. c4 Ne4+ 36. Kf3 Nd2+ 37. Kf2 Ne4+ 38. Kf3 Nc5 39. Ra3
Kf6 40. b4 Nd7 41. Rc3 Ne5+ 42. Ke4 Bxc4 0-1

[Event "26th open TETEVEN"]
[Site "Teteven"]
[Date "2011.08.17"]
[Round "5.8"]
[White "Janchev, Petar"]
[Black "Petrov, Vladimir Sergeev"]
[Result "1/2-1/2"]
[WhiteElo "2140"]
[BlackElo "1793"]
[PlyCount "184"]
[EventDate "2011.08.??"]
[EventType "swiss"]
[EventRounds "9"]
[EventCountry "BUL"]

1. Nf3 Nf6 2. c4 c5 3. Nc3 Nc6 4. d4 cxd4 5. Nxd4 d6 6. g3 g6 7. Bg2 Nxd4 8.
Qxd4 Bg7 9. O-O O-O 10. Qd3 Rb8 11. Rd1 Be6 12. Bd2 Nd7 13. b3 a6 14. Rac1 b5
15. cxb5 axb5 16. Nd5 Ne5 17. Qb1 Bf5 18. Be4 Bxe4 19. Qxe4 e6 20. Nb4 d5 21.
Qc2 Rc8 22. Qxc8 Qxc8 23. Rxc8 Rxc8 24. Rc1 Rxc1+ 25. Bxc1 Bf8 26. Bd2 Bc5 27.
Kg2 Kf8 28. h3 Ke7 29. f4 Nd7 30. Nd3 Bd6 31. Kf3 Nf6 32. Nf2 Bc5 33. e3 Kd6
34. Bc3 Nd7 35. Nd3 Ba7 36. Bb4+ Kc6 37. Be7 Kb7 38. Ne5 Nxe5+ 39. fxe5 Kc6 40.
Bb4 Bb6 41. Bc3 Bc5 42. a4 bxa4 43. bxa4 Kb6 44. Ke2 Ka6 45. Kd3 Bb6 46. e4
dxe4+ 47. Kxe4 Bf2 48. g4 Bc5 49. Kd3 Ba7 50. Kc4 Bb6 51. Bb4 Ba7 52. Kd3 Bb6
53. Ke4 Ba5 54. Be7 Bd2 55. Bd8 Ba5 56. Bh4 Bd2 57. Kd4 Bb4 58. Kc4 Ba3 59. Be1
Be7 60. Bb4 Bd8 61. Bc3 Bb6 62. a5 Bxa5 63. Bd4 Bb6 64. Bc3 Be3 65. Kd3 Bc1 66.
Kc4 Kb6 67. Bd4+ Kc6 68. Bc3 Bf4 69. Bd4 Kd7 70. Bc3 Ke8 71. Kd3 Kf8 72. Ke4
Bc1 73. Bb4+ Kg7 74. Be7 g5 75. Bf6+ Kg6 76. Kf3 Ba3 77. Ke4 Bf8 78. Bd8 Bg7
79. Be7 f6 80. exf6 Bxf6 81. Bd6 Kf7 82. Bc5 Ke8 83. Kd3 Kd7 84. Kc4 Kc6 85.
Be3 e5 86. Bd2 e4 87. Be3 Kd6 88. Bc5+ Ke6 89. Be3 Ke5 90. Bd4+ Ke6 91. Be3 Kd6
92. Bc5+ Ke6 1/2-1/2

[Event "26th open TETEVEN"]
[Site "Teteven"]
[Date "2011.08.17"]
[Round "5.9"]
[White "Monev, Alexander"]
[Black "Dragieva, Denitza"]
[Result "1-0"]
[WhiteElo "2135"]
[BlackElo "1885"]
[PlyCount "85"]
[EventDate "2011.08.??"]
[EventType "swiss"]
[EventRounds "9"]
[EventCountry "BUL"]

1. e4 e5 2. Nf3 Nc6 3. Bb5 a6 4. Ba4 Nf6 5. O-O Be7 6. Re1 b5 7. Bb3 d6 8. c3
O-O 9. h3 Na5 10. Bc2 c5 11. d3 Nc6 12. Nbd2 Re8 13. Nf1 h6 14. d4 cxd4 15.
cxd4 Nxd4 16. Nxd4 exd4 17. Qxd4 Be6 18. Ne3 Bf8 19. b3 Rc8 20. Ba3 a5 21. Qd3
b4 22. Bb2 g6 23. Rad1 Rc6 24. f4 Bg7 25. f5 gxf5 26. exf5 Bc8 27. Nc4 Rxe1+
28. Rxe1 Ba6 29. Qf3 Rc8 30. Bd3 a4 31. Bd4 axb3 32. axb3 d5 33. Ne5 Bxd3 34.
Nxd3 Rb8 35. Nf4 Rb5 36. Qg3 Kh7 37. Kh1 Nh5 38. Nxh5 Bxd4 39. f6 Qg8 40. Qd3+
Qg6 41. Qxb5 Bc3 42. Nf4 Qxf6 43. Qd3+ 1-0

[Event "26th open TETEVEN"]
[Site "Teteven"]
[Date "2011.08.17"]
[Round "5.10"]
[White "Daskalov, Emil"]
[Black "Bochev, Krasimir"]
[Result "1-0"]
[WhiteElo "1951"]
[BlackElo "2130"]
[PlyCount "95"]
[EventDate "2011.08.??"]
[EventType "swiss"]
[EventRounds "9"]
[EventCountry "BUL"]

1. d4 Nf6 2. c4 g6 3. Nc3 Bg7 4. e4 d6 5. f3 O-O 6. Be3 Nbd7 7. Qd2 c5 8. Nge2
a6 9. Rd1 b6 10. Nc1 cxd4 11. Bxd4 Bb7 12. Be2 Ne5 13. b3 Qc7 14. Nd3 e6 15.
O-O Rfd8 16. Na4 Nfd7 17. Be3 Rac8 18. Rc1 Bc6 19. Nab2 Qb8 20. Rfd1 Bb7 21.
Nf2 Nc5 22. b4 Ncd7 23. f4 Nc6 24. Na4 Ba8 25. b5 Nc5 26. Nc3 Ne7 27. bxa6 d5
28. cxd5 exd5 29. Nxd5 Nxd5 30. exd5 Bxd5 31. Qb4 Bf8 32. Qb1 Qa7 33. Ng4 Bg7
34. Bf2 Be4 35. Rxd8+ Rxd8 36. Qb5 h5 37. Ne5 Bf8 38. Bc4 Bd5 39. h3 Qc7 40. a4
Bxc4 41. Qxc4 Rc8 42. Rd1 Ne6 43. Qxc7 Rxc7 44. Rd7 Rc1+ 45. Kh2 Ra1 46. a7
Rxa4 47. Bxb6 Bc5 48. Bxc5 1-0

[Event "26th open TETEVEN"]
[Site "Teteven"]
[Date "2011.08.17"]
[Round "5.11"]
[White "Mahlev, Atanas"]
[Black "Kirov, Dimitar"]
[Result "1/2-1/2"]
[WhiteElo "1932"]
[BlackElo "2123"]
[PlyCount "63"]
[EventDate "2011.08.??"]
[EventType "swiss"]
[EventRounds "9"]
[EventCountry "BUL"]

1. Nf3 Nf6 2. g3 d6 3. d4 Bg4 4. Bg2 Qc8 5. O-O g6 6. Re1 Bg7 7. b3 c5 8. Bb2
O-O 9. dxc5 dxc5 10. Nbd2 Rd8 11. Qc1 Nc6 12. c4 Bh3 13. Bh1 Bh6 14. Qc3 Qe6
15. Rad1 Nd4 16. e3 Nc6 17. a3 Bf5 18. Nf1 Be4 19. Rd2 Qg4 20. Ne5 Nxe5 21.
Qxe5 Bg7 22. Bxe4 Qxe4 23. Red1 Rxd2 24. Rxd2 Qxe5 25. Bxe5 Ne4 26. Rd7 Bxe5
27. Rxe7 f6 28. f4 Kf8 29. Rxh7 Kg8 30. Re7 Kf8 31. Rh7 Kg8 32. Re7 1/2-1/2

[Event "26th open TETEVEN"]
[Site "Teteven"]
[Date "2011.08.17"]
[Round "5.13"]
[White "Todorov, Ognjan"]
[Black "Malay, Sergey"]
[Result "1-0"]
[WhiteElo "2308"]
[BlackElo "1843"]
[PlyCount "91"]
[EventDate "2011.08.??"]
[EventType "swiss"]
[EventRounds "9"]
[EventCountry "BUL"]

1. d4 Nf6 2. Nf3 g6 3. c4 Bg7 4. g3 O-O 5. Bg2 d6 6. O-O Nc6 7. Nc3 a6 8. b3
Rb8 9. Bb2 b5 10. cxb5 axb5 11. Rc1 b4 12. Na4 Bd7 13. Ne1 Na5 14. Nd3 Bb5 15.
Qd2 Bxd3 16. Qxd3 d5 17. Rc2 Bh6 18. e3 Qd6 19. Bc1 Nd7 20. Bd2 Ra8 21. e4 Bxd2
22. e5 Qa6 23. Qxd2 c6 24. Qxb4 e6 25. Rfc1 Qa7 26. Qd2 Rfc8 27. h4 Qc7 28. h5
gxh5 29. Qg5+ Kh8 30. Qxh5 Nf8 31. Rc3 Ng6 32. Rf3 Rg8 33. Rf6 Nb7 34. Rc2 Ra5
35. Qh6 c5 36. Nxc5 Nxc5 37. b4 Ra4 38. Rxc5 Qd7 39. Qd2 Qb7 40. b5 Rga8 41.
Qc3 R8a7 42. Rc8+ Kg7 43. Qc5 Rc4 {Diagram #} 44. Qxc4 dxc4 45. Bxb7 Rxb7 46.
a4 1-0

[Event "26th open TETEVEN"]
[Site "Teteven"]
[Date "2011.08.17"]
[Round "5.15"]
[White "Varbanov, Varban"]
[Black "Atanasov, Margarit"]
[Result "0-1"]
[WhiteElo "2127"]
[BlackElo "1770"]
[PlyCount "26"]
[EventDate "2011.08.??"]
[EventType "swiss"]
[EventRounds "9"]
[EventCountry "BUL"]

1. d4 Nf6 2. c4 g6 3. Nc3 d5 4. e3 Bg7 5. Nf3 O-O 6. b4 a5 7. b5 c5 8. cxd5
Nxd5 9. Bb2 Bg4 10. Nxd5 Qxd5 11. Be2 cxd4 12. Nxd4 Qxg2 13. Kd2 e5 0-1